[Event "Indywidualne Mistrzostwa Polski do lat 20"]
[Site "Osrodek „SUDETY”, Pokrzywna 75"]
[Date "1899-12-30"]
[Round "7.22"]
[White "Bartoszczuk, Adam"]
[Black "Bartodziej, Bartosz"]
[Result "0-1"]
[WhiteTitle "I"]
[BlackTitle "I"]
[WhiteElo "1380"]
[BlackElo "1805"]

1. e4 c5 2. Nf3 d6 3. Bb5+ Nd7 4. c4 Ngf6 5. Nc3 g6 6. d3 Bg7 7. h3 O-O 8. Ba4
a6 9. Be3 Rb8 10. O-O b5 11. cxb5 Qa5 12. Bd2 axb5 13. Nxb5 Qa6 14. Qb3 c4 15.
Qa3 Nc5 16. Nc3 cxd3 17. e5 Nfe4 18. Nxe4 Nxe4 19. Rad1 Nc5 20. b3 Nxa4 21. bxa4
dxe5 22. Qxe7 Bb7 23. Rb1 Bxf3 24. gxf3 Rxb1 25. Rxb1 Qxa4 26. a3 Re8 27. Qd6
e4 28. fxe4 h5 29. Qxd3 Rxe4 30. Rb4 Qd1+ 31. Kg2 Re1 32. Rb8+ Kh7 33. Kg3 Be5+
34. Kh4 Bxb8 35. Qd5 Re7 36. Qd8 Qa4+ 37. f4 Qd7 38. Qa5 Re8 39. Bb4 Qd8+ 40.
Qxd8 Rxd8 0-1

[Event "Indywidualne Mistrzostwa Polski do lat 20"]
[Site "Osrodek „SUDETY”, Pokrzywna 75"]
[Date "1899-12-30"]
[Round "7.23"]
[White "Karut, Kacper"]
[Black "Radzimski, Antoni"]
[Result "1/2-1/2"]
[WhiteTitle "I"]
[BlackTitle "I"]
[WhiteElo "1826"]
[BlackElo "1613"]

1. e4 e5 2. Nf3 Nc6 3. Bb5 a6 4. Ba4 Nf6 5. O-O b5 6. Bb3 Bc5 7. a4 Rb8 8. c3 d6
9. d4 Bb6 10. Qd3 O-O 11. Bg5 h6 12. Bxf6 Qxf6 13. axb5 axb5 14. Qxb5 Bd7 15.
Bd5 Ba5 16. Qa4 Rb6 17. Bxc6 Bxc6 18. Qxa5 Ra8 19. Qxa8+ Bxa8 20. Rxa8+ Kh7 21.
Nbd2 exd4 22. cxd4 Rxb2 23. Rfa1 c5 24. dxc5 dxc5 25. Rc1 Qc6 26. Ra3 Qd7 27.
Rac3 Rxd2 28. Nxd2 Qxd2 29. Rxc5 f6 30. h3 Qe2 31. R5c4 Kg6 32. R1c2 Qe1+ 33.
Kh2 h5 34. Kg3 Kh6 35. Kf4 Qh1 36. Kg3 Qe1 37. Kf4 Qh1 38. f3 Qe1 39. Kf5 Qa1
40. Ke6 Qe5+ 41. Kf7 Qd6 42. Rc7 h4 43. Re7 Qb8 44. Rd2 Kh7 45. Re8 Qc7+ 46. Re7
Qc8 1/2-1/2

[Event "Indywidualne Mistrzostwa Polski do lat 20"]
[Site "Osrodek „SUDETY”, Pokrzywna 75"]
[Date "1899-12-30"]
[Round "7.24"]
[White "Marciniak, Leonard"]
[Black "Bojczewski, Mateusz"]
[Result "1-0"]
[WhiteTitle "I+"]
[BlackTitle "I+"]
[WhiteElo "1738"]
[BlackElo "1868"]

1. e4 c6 2. c4 d5 3. cxd5 cxd5 4. exd5 Nf6 5. Nc3 Nbd7 6. Nf3 Nb6 7. d4 Nbxd5 8.
Qb3 a6 9. Bc4 e6 10. Bg5 Nxc3 11. bxc3 Be7 12. a4 O-O 13. O-O Qc7 14. Rfe1 Bd7
15. Ne5 Bc6 16. Bxe6 fxe6 17. Qxe6+ Kh8 18. Nxc6 Bd6 19. Ne5 Rae8 20. Qh3 Bxe5
21. dxe5 Rxe5 22. Bxf6 gxf6 23. Qf3 Qe7 24. Rxe5 Qxe5 25. Qxb7 Qxc3 26. Rd1 Qc2
27. Qd7 Rf7 28. Qd8+ Kg7 29. Qd4 Qe2 30. h3 Rc7 31. Qd8 Re7 32. Rd3 Kf7 33. Rf3
Qe5 34. Qh8 h5 35. Qh7+ Ke6 36. Qg8+ Kd7 37. Rd3+ Kc7 38. Qd8+ Kb7 39. Rb3+ Kc6
40. Qc8+ Rc7 41. Qxa6+ Kd7 42. Qb5+ Qxb5 43. axb5 Rb7 44. Kf1 Kd6 45. Ke2 Rb6
46. Kf3 Ke5 47. Kg3 f5 48. Kh4 Kf6 49. Kxh5 Rb8 50. Kh4 1-0

[Event "Indywidualne Mistrzostwa Polski do lat 20"]
[Site "Osrodek „SUDETY”, Pokrzywna 75"]
[Date "1899-12-30"]
[Round "7.25"]
[White "Bujalski, Mateusz"]
[Black "Kocierz, Pawel"]
[Result "1-0"]
[WhiteTitle "I"]
[BlackTitle "I"]
[WhiteElo "1802"]
[BlackElo "1774"]

1. e4 c5 2. Nc3 g6 3. f4 Bg7 4. Nf3 Nc6 5. Bb5 d6 6. O-O Nf6 7. d3 O-O 8. Bxc6
bxc6 9. Qe1 Rb8 10. h3 Qb6 11. Be3 Ba6 12. Rb1 Bb5 13. b4 Qc7 14. bxc5 dxc5 15.
Bxc5 Qxf4 16. Bxa7 Ra8 17. Bd4 Bh6 18. Ne5 Qd2 19. Qxd2 Bxd2 20. Nxb5 cxb5 21.
Nc6 Rfe8 22. Nxe7+ Rxe7 23. Bxf6 Rc7 24. Rxb5 Rxc2 25. Rfb1 Rcc8 26. R5b2 Bc3
27. Bxc3 Rxc3 28. Rb8+ Rxb8 29. Rxb8+ Kg7 30. Rb3 Rc2 31. a4 Ra2 32. Rb4 Kf6 33.
Kh2 Ke5 34. Kg3 Ra3 35. Rb5+ Ke6 36. Kf4 Rxd3 37. a5 Ra3 38. Rb6+ Kd7 39. a6 Ra4
40. Ke5 Kc8 41. Kf6 Kc7 42. Rb7+ Kc8 43. Rxf7 Rxa6+ 44. Kg5 Ra5+ 45. Kg4 h5+ 46.
Kg3 Re5 47. Kf3 Kd8 48. Rf6 g5 49. Rf5 g4+ 50. Kf4 Rxf5+ 51. Kxf5 gxh3 52. gxh3
Ke7 53. h4 1-0

[Event "Indywidualne Mistrzostwa Polski do lat 20"]
[Site "Osrodek „SUDETY”, Pokrzywna 75"]
[Date "1899-12-30"]
[Round "8.1"]
[White "Pacan-milej, Kosma"]
[Black "Kosakowski, Jakub"]
[Result "0-1"]
[WhiteTitle "FM"]
[BlackTitle "IM"]
[WhiteElo "2401"]
[BlackElo "2437"]

1. d4 Nf6 2. c4 e6 3. Nf3 c5 4. d5 b5 5. Bg5 exd5 6. cxd5 h6 7. Bxf6 Qxf6 8. Qc2
c4 9. Nc3 Bb4 10. e4 O-O 11. Be2 Na6 12. O-O Bxc3 13. bxc3 Nc5 14. Nd4 a6 15.
f4 d6 16. Nc6 Bd7 17. Rad1 Bxc6 18. dxc6 Rac8 19. g3 Rxc6 20. Bf3 Rb6 21. Rd4
Re8 22. Kg2 Qg6 23. Rfd1 Ne6 0-1

[Event "Indywidualne Mistrzostwa Polski do lat 20"]
[Site "Osrodek „SUDETY”, Pokrzywna 75"]
[Date "1899-12-30"]
[Round "8.2"]
[White "Mis, Mieszko"]
[Black "Niedbala, Bartlomiej"]
[Result "1/2-1/2"]
[WhiteTitle "FM"]
[BlackTitle "FM"]
[WhiteElo "2417"]
[BlackElo "2385"]

1. d4 d5 2. c4 dxc4 3. e3 e5 4. Bxc4 exd4 5. exd4 Nf6 6. Qb3 Qe7+ 7. Kf1 c6 8.
a4 Nbd7 9. a5 b5 10. Be2 Qe6 11. Qxe6+ fxe6 12. Bf3 Nd5 13. Nh3 Bd6 14. Nc3 N7f6
15. Nxd5 exd5 16. Bf4 Bxf4 17. Nxf4 Bf5 18. h4 Kd7 19. g3 Kd6 20. Kg2 Rae8 21.
Rac1 g6 22. Be2 Re4 23. Rhd1 Rhe8 24. Bf1 R4e7 25. Bd3 Bd7 26. Bb1 Ng4 27. Kg1
Rf8 28. b3 Rfe8 29. f3 Ne3 30. Re1 Bf5 31. Kf2 Bxb1 32. Rxb1 Nc2 33. Red1 Nb4
34. Rb2 Re3 35. Re2 Rxe2+ 36. Nxe2 Re7 37. g4 a6 38. h5 gxh5 39. Ng3 Rf7 40. Nxh5
c5 41. dxc5+ Kxc5 42. Ng3 Nc6 43. Rc1+ Kd6 44. Nf5+ Kd7 45. Rc5 Nb4 46. Ke3 h5
47. Kd2 hxg4 48. fxg4 Rh7 49. Kc3 Na2+ 50. Kb2 Rh2+ 51. Rc2 Rxc2+ 52. Kxc2 Ke6
53. Nd4+ Kd6 54. g5 Nb4+ 55. Kc3 Na2+ 56. Kd2 Nb4 57. Nc2 Nc6 58. b4 d4 59. Ke2
Kd5 60. g6 Ke5 1/2-1/2

[Event "Indywidualne Mistrzostwa Polski do lat 20"]
[Site "Osrodek „SUDETY”, Pokrzywna 75"]
[Date "1899-12-30"]
[Round "8.3"]
[White "Fus, Jakub"]
[Black "Psyk, Radoslaw"]
[Result "1-0"]
[WhiteTitle "FM"]
[BlackTitle "k++"]
[WhiteElo "2384"]
[BlackElo "2412"]

1. d4 f5 2. g3 Nf6 3. Bg2 e6 4. c4 Be7 5. Nc3 O-O 6. Nf3 d6 7. O-O Ne4 8. Qc2 Nxc3
9. Qxc3 a5 10. Be3 Bf6 11. Rac1 Nc6 12. Qb3 a4 13. Qa3 e5 14. dxe5 dxe5 15. Rfd1
Qe8 16. b4 Nd8 17. Bc5 Rf7 18. b5 Ne6 19. e3 g5 20. Bb4 e4 21. Nd4 Nxd4 22. exd4
f4 23. Re1 Bf5 24. d5 e3 25. fxe3 fxg3 26. e4 Bd4+ 27. Kh1 Bg4 28. Qxg3 h5 29.
Bc3 Bf2 30. Qd3 Bxe1 31. Rxe1 Qf8 32. e5 Bf3 33. e6 Bxg2+ 34. Kxg2 Rf2+ 35. Kg1
Rf5 36. Re2 Rf1+ 37. Kg2 Qf5 38. Qxf5 Rxf5 39. b6 cxb6 40. d6 Kf8 41. Rf2 Rxf2+
42. Kxf2 b5 43. Bf6 b4 44. d7 b3 45. d8=Q+ Rxd8 46. e7+ 1-0

[Event "Indywidualne Mistrzostwa Polski do lat 20"]
[Site "Osrodek „SUDETY”, Pokrzywna 75"]
[Date "1899-12-30"]
[Round "8.4"]
[White "Koziorowicz, Michal"]
[Black "Kozak, Antoni"]
[Result "0-1"]
[WhiteTitle "k+"]
[BlackTitle "m"]
[WhiteElo "2309"]
[BlackElo "2356"]

1. e4 c6 2. d4 d5 3. e5 Bf5 4. h4 h5 5. c4 e6 6. Nc3 Ne7 7. Nge2 Nd7 8. Ng3 Bg6
9. Bg5 Qb6 10. Rc1 Qxb2 11. Bd3 dxc4 12. Bxg6 Nxg6 13. Nge4 Qb6 14. Rb1 Qc7 15.
O-O Nb6 16. f4 f5 17. exf6 O-O-O 18. f5 exf5 19. Qf3 fxe4 20. Qxe4 gxf6 21. Bxf6
Bg7 22. Qxg6 Bxf6 23. Qxf6 Qd6 24. Qf5+ Qd7 25. Ne2 Qxf5 26. Rxf5 Rd5 27. Rbf1
Re8 28. Rf8 Rdd8 29. Rxe8 Rxe8 30. Ng3 Nd5 31. Nxh5 Rh8 32. Ng7 Rxh4 33. Nf5 Rg4
34. Kh2 c3 35. Kh3 Rf4 36. Ne7+ Kd7 37. Nxd5 Rxf1 38. Nxc3 Re1 39. Kg4 Re3 40.
Na4 b6 41. Kf4 Ra3 42. Kg5 Rxa4 0-1

[Event "Indywidualne Mistrzostwa Polski do lat 20"]
[Site "Osrodek „SUDETY”, Pokrzywna 75"]
[Date "1899-12-30"]
[Round "8.5"]
[White "Fiedorek, Michal"]
[Black "Sowinski, Pawel"]
[Result "1-0"]
[WhiteTitle "FM"]
[BlackTitle "I++"]
[WhiteElo "2337"]
[BlackElo "2075"]

1. e4 e5 2. Nf3 Nc6 3. Bb5 a6 4. Ba4 Nf6 5. O-O b5 6. Bb3 Bc5 7. a4 Rb8 8. c3 d6
9. d4 Bb6 10. Qd3 O-O 11. Bg5 Bg4 12. axb5 axb5 13. Qxb5 Qd7 14. Qd3 Bxf3 15.
Qxf3 Qg4 16. Qxg4 Nxg4 17. Ba4 Na5 18. b4 Nb7 19. Bd7 Nf6 20. Bxf6 gxf6 21. d5
Rfd8 22. Bf5 h5 23. Nd2 Ra8 24. Nc4 Kf8 25. g3 Ke7 26. Kg2 Rdb8 27. f3 Rg8 28.
Kh3 Rgb8 29. Kh4 Rh8 30. Rh1 Rhb8 31. Rxa8 Rxa8 32. Kxh5 Ra2 33. h4 Rg2 34. Nxb6
cxb6 35. Kg4 1-0

[Event "Indywidualne Mistrzostwa Polski do lat 20"]
[Site "Osrodek „SUDETY”, Pokrzywna 75"]
[Date "1899-12-30"]
[Round "8.6"]
[White "Raczek, Krzysztof"]
[Black "Luczak, Filip"]
[Result "0-1"]
[WhiteTitle "I++"]
[BlackTitle "FM"]
[WhiteElo "2029"]
[BlackElo "2273"]

1. e4 c5 2. Nf3 d6 3. d4 cxd4 4. Nxd4 Nf6 5. Nc3 a6 6. h3 g6 7. Be3 Bg7 8. Be2
O-O 9. O-O Bd7 10. f4 Nc6 11. Bf3 Qc7 12. a4 Na5 13. Be2 Nc4 14. Bxc4 Qxc4 15.
Qd3 Qxd3 16. cxd3 e6 17. Nb3 Rfc8 18. Rfc1 b5 19. e5 Ne8 20. d4 bxa4 21. Nxa4
Rcb8 22. Rc3 Rb4 23. exd6 Rxa4 24. Rac1 Rd8 25. Nc5 Rxd4 26. Nxd7 Rxd7 27. Rc8
Kf8 28. Bxd4 Bxd4+ 29. Kf1 Rxd6 30. R1c7 Bb6 31. Rb7 Rd8 32. Rc6 Be3 33. Rxa6
Bxf4 34. b4 Nd6 35. Rba7 Nb5 36. Ra8 Rxa8 37. Rxa8+ Ke7 38. Ke2 Nc3+ 39. Kd3 Nd5
40. b5 Bc7 41. Ra7 Kd6 42. Rb7 f5 43. Ke2 h5 44. h4 e5 45. Kd3 Kc5 46. Ke2 Nc3+
0-1

[Event "Indywidualne Mistrzostwa Polski do lat 20"]
[Site "Osrodek „SUDETY”, Pokrzywna 75"]
[Date "1899-12-30"]
[Round "8.7"]
[White "Kacprzak, Karol"]
[Black "Sernecki, Franciszek"]
[Result "0-1"]
[WhiteTitle "k"]
[BlackTitle "FM"]
[WhiteElo "2226"]
[BlackElo "2220"]

1. d4 Nf6 2. c4 e6 3. Nc3 Bb4 4. Qc2 Nc6 5. Nf3 d6 6. Bd2 O-O 7. a3 Bxc3 8. Bxc3
Qe7 9. e4 e5 10. d5 Nd4 11. Nxd4 exd4 12. Bxd4 Qxe4+ 13. Qxe4 Nxe4 14. Bd3 Bf5
15. O-O-O Bg6 16. Rhe1 Rfe8 17. Kc2 Kf8 18. f3 Nf6 19. Bxg6 hxg6 20. b4 b6 21.
Kd3 a5 22. Rxe8+ Kxe8 23. Ra1 Kd7 24. Bc3 axb4 25. axb4 Rh8 26. h3 b5 27. Ra7
bxc4+ 28. Kxc4 Rh4+ 29. Bd4 Kc8 30. Ra8+ Kb7 31. Rf8 Nd7 32. Rg8 Nb6+ 33. Kd3
Nxd5 34. g3 Rxh3 35. Rxg7 Nxb4+ 36. Ke4 f5+ 37. Ke3 Nc2+ 38. Kd3 Nxd4 39. Kxd4
Rxg3 0-1

[Event "Indywidualne Mistrzostwa Polski do lat 20"]
[Site "Osrodek „SUDETY”, Pokrzywna 75"]
[Date "1899-12-30"]
[Round "8.8"]
[White "Jarzebowski, Kacper"]
[Black "Redzisz, Michal"]
[Result "1/2-1/2"]
[WhiteTitle "k+"]
[BlackTitle "FM"]
[WhiteElo "2148"]
[BlackElo "2261"]

1. e4 c5 2. Nf3 e6 3. g3 Nc6 4. Bg2 Nf6 5. Qe2 d5 6. exd5 Nxd5 7. O-O Be7 8. Nc3
O-O 9. Rd1 Bf6 10. Ne4 b6 11. c3 Bb7 12. d4 cxd4 13. Nxf6+ Qxf6 14. Nxd4 Rfd8
15. h4 h6 16. Nxc6 Bxc6 17. Be3 Ne7 18. a4 Bxg2 19. Kxg2 e5 20. Rxd8+ Rxd8 21.
a5 Qc6+ 22. Kh2 Nf5 23. Rd1 Rxd1 24. Qxd1 Nd6 25. axb6 axb6 26. Qg4 Kh7 27. Kg1
f5 28. Qe2 Qe4 29. Qd1 Nc4 30. Qc1 b5 31. b3 Nd6 32. Bc5 Nb7 33. Bb6 Qc6 34. Be3
Nd6 35. Qc2 Kg6 36. Qd3 Kf6 37. Bc1 Qc5 38. Be3 Qc6 39. Bc1 Qc5 40. Be3 Qc6 1/2-1/2

[Event "Indywidualne Mistrzostwa Polski do lat 20"]
[Site "Osrodek „SUDETY”, Pokrzywna 75"]
[Date "1899-12-30"]
[Round "8.9"]
[White "Kacprzak, Kacper"]
[Black "Krawczyk, Flawian"]
[Result "0-1"]
[WhiteTitle "k"]
[BlackTitle "I++"]
[WhiteElo "2219"]
[BlackElo "2114"]

1. c4 Nf6 2. Nc3 e5 3. Nf3 Nc6 4. e3 d6 5. d4 g6 6. Be2 Bg7 7. O-O O-O 8. a3 a5
9. d5 Ne7 10. e4 Ne8 11. Ne1 f5 12. exf5 gxf5 13. f4 Ng6 14. Nd3 Nf6 15. Bd2 c6
16. Kh1 Qe7 17. Qc2 e4 18. Ne1 h5 19. Be3 Ng4 20. Bxg4 fxg4 21. Qd2 c5 22. Nc2
Bf5 23. Rae1 Rae8 24. Kg1 h4 25. g3 Qd7 26. Bf2 hxg3 27. hxg3 Bh6 28. Kg2 Ne5
29. Qe2 Nd3 30. Rb1 Bxf4 31. Be3 Be5 32. Rh1 Bg6 33. Rh6 Qf5 0-1

[Event "Indywidualne Mistrzostwa Polski do lat 20"]
[Site "Osrodek „SUDETY”, Pokrzywna 75"]
[Date "1899-12-30"]
[Round "8.10"]
[White "Rog, Bartlomiej"]
[Black "Malek, Jan"]
[Result "1-0"]
[WhiteTitle "I++"]
[BlackTitle "I++"]
[WhiteElo "2075"]
[BlackElo "2149"]

1. e4 c5 2. Nf3 Nc6 3. Bb5 e6 4. O-O Nge7 5. Re1 a6 6. Bf1 d5 7. exd5 Nxd5 8. d4
Nf6 9. Be3 Be7 10. c4 O-O 11. h3 cxd4 12. Nxd4 Ne5 13. a3 Bd7 14. Nd2 a5 15. Rc1
a4 16. g3 Qa5 17. Qe2 Rfc8 18. Bg2 Qa6 19. f4 Nc6 20. N2f3 Ne4 21. Nxc6 Bxc6 22.
Kh2 Nc5 23. Bxc5 Bxc5 24. Ng5 Bxg2 25. Qh5 Bc6 26. Qxh7+ Kf8 27. Qh8+ Ke7 28.
Qxg7 Be8 29. Rxe6+ Qxe6 30. Nxe6 Kxe6 31. Rd1 Ke7 32. Qe5+ Kf8 33. Re1 Kg8 34.
Qg5+ Kh7 35. Qh5+ Kg8 36. Qg5+ Kh7 37. f5 f6 38. Qxf6 Rc6 39. Qg5 Bf8 40. Rxe8
1-0

[Event "Indywidualne Mistrzostwa Polski do lat 20"]
[Site "Osrodek „SUDETY”, Pokrzywna 75"]
[Date "1899-12-30"]
[Round "8.11"]
[White "Budzisz, Adrian"]
[Black "Dalkowski, Rafal"]
[Result "0-1"]
[WhiteTitle "I++"]
[BlackTitle "k"]
[WhiteElo "1985"]
[BlackElo "2126"]

1. e4 c6 2. d4 d5 3. f3 dxe4 4. fxe4 e5 5. Nf3 Bg4 6. Bc4 Nd7 7. O-O Ngf6 8. c3
Bd6 9. Qb3 O-O 10. Bg5 b5 11. Bd3 Qb6 12. Nbd2 a6 13. Kh1 Rfe8 14. a4 Rab8 15.
Bxf6 Nxf6 16. c4 exd4 17. axb5 axb5 18. cxb5 cxb5 19. Ng5 Rb7 20. e5 Bxe5 21.
Bxh7+ Nxh7 22. Rxf7 Be6 23. Rxb7 Qxb7 24. Nxe6 Qf7 25. Nc5 Qxb3 26. Ndxb3 Bf6
27. Nd3 Ng5 28. Kg1 Re3 29. Nbc1 Ne4 30. Ra5 Nd6 31. Kf2 Kf7 32. Ra7+ Ke6 33.
Nf4+ Ke5 34. g3 Ke4 35. Rd7 Nc4 36. Rb7 g5 37. Ne6 Kd5 38. Nf8 Nd6 39. Rb6 Ne4+
40. Kf1 Kc4 41. Nd7 d3 42. Nxd3 Rxd3 43. b3+ Rxb3 44. Ke2 Bd4 0-1

[Event "Indywidualne Mistrzostwa Polski do lat 20"]
[Site "Osrodek „SUDETY”, Pokrzywna 75"]
[Date "1899-12-30"]
[Round "8.12"]
[White "Kazmierowski, Tymon"]
[Black "Janeczko, Jakub"]
[Result "1/2-1/2"]
[WhiteTitle "I++"]
[BlackTitle "I++"]
[WhiteElo "2077"]
[BlackElo "2091"]

1. d4 c5 2. e3 e6 3. c4 Nf6 4. Nf3 cxd4 5. exd4 d5 6. Nc3 Be7 7. c5 O-O 8. Bd3
b6 9. b4 Bd7 10. Rb1 a5 11. a3 axb4 12. axb4 bxc5 13. bxc5 Nc6 14. O-O h6 15.
Bd2 Ra3 16. Qc2 Qa8 17. Rb2 Rc8 18. Bb5 Bd8 19. Rc1 Ba5 20. Bxc6 Bxc6 21. Nb5
Bxb5 22. Rxb5 Ne4 23. Bxa5 Rxa5 24. Rb2 Ra4 25. Qb1 Qa6 26. Rb6 Qa5 27. Rb5 Qa6
28. Rb6 Qa5 29. Rb5 Qa6 30. Rb6 Qa5 1/2-1/2

[Event "Indywidualne Mistrzostwa Polski do lat 20"]
[Site "Osrodek „SUDETY”, Pokrzywna 75"]
[Date "1899-12-30"]
[Round "8.13"]
[White "Golis, Wiktor"]
[Black "Wojdak, Jan"]
[Result "0-1"]
[WhiteTitle "I"]
[BlackTitle "k"]
[WhiteElo "1553"]
[BlackElo "2178"]

1. e4 b6 2. d4 Bb7 3. Nc3 e6 4. a3 d6 5. Nf3 Nd7 6. Bd3 h6 7. Be3 g6 8. Qd2 Bg7
9. O-O-O Ne7 10. h4 a6 11. h5 g5 12. Nh2 Nf6 13. Qe2 d5 14. e5 Ne4 15. Bxe4 dxe4
16. g4 Qd7 17. Nf1 Nd5 18. Nxd5 Qxd5 19. Kb1 O-O-O 20. Ng3 f6 21. exf6 Bxf6 22.
c3 Be7 23. Qc2 b5 24. Nf1 Qc4 25. Ng3 Bd5 26. Kc1 Qa2 27. Qb1 Qxb1+ 28. Kxb1 Bd6
29. Ne2 Rhf8 30. Kc2 a5 31. Nc1 a4 32. b3 Bxa3 33. c4 Bxc1 34. Rxc1 axb3+ 35.
Kxb3 Bxc4+ 36. Kb2 Kd7 37. Kc3 Be2 38. Rhg1 Ra8 39. Rc2 Bd3 40. Rb2 Ra6 41. Rh1
Rfa8 42. f4 Ra3+ 43. Kd2 Bc4 44. Re1 gxf4 45. Bxf4 Rg8 46. Rg1 e3+ 47. Kc2 Bd3+
0-1

[Event "Indywidualne Mistrzostwa Polski do lat 20"]
[Site "Osrodek „SUDETY”, Pokrzywna 75"]
[Date "1899-12-30"]
[Round "8.14"]
[White "Mulawa, Cyprian"]
[Black "Jedrusik, Adam"]
[Result "1-0"]
[WhiteTitle "I"]
[BlackTitle "I++"]
[WhiteElo "2010"]
[BlackElo "1995"]

1. Nf3 d5 2. c4 c6 3. b3 Bg4 4. Ne5 Bf5 5. Bb2 Nd7 6. Nxd7 Qxd7 7. e3 e6 8. Be2
Nf6 9. d3 Bd6 10. Nd2 O-O 11. g4 Bg6 12. h4 dxc4 13. Nxc4 Rad8 14. e4 Bb4+ 15.
Kf1 Qe7 16. Qc1 h5 17. g5 Nd7 18. a3 Bd6 19. Qc3 e5 20. f4 f5 21. gxf6 Rxf6 22.
f5 Bc5 23. Qc1 Bxf5 24. exf5 Rxf5+ 25. Ke1 Bf2+ 26. Kd2 Nc5 27. Kc2 e4 28. d4
Nd3 29. Bxd3 exd3+ 30. Kb1 Bxd4 31. Ra2 b5 32. Nd2 Be3 33. Re1 Re8 34. Qc3 Rf7
35. Bc1 Qxh4 36. Nf1 d2 37. Bxd2 Qe4+ 38. Qc2 Bxd2 39. Rxe4 Rxf1+ 40. Kb2 1-0

[Event "Indywidualne Mistrzostwa Polski do lat 20"]
[Site "Osrodek „SUDETY”, Pokrzywna 75"]
[Date "1899-12-30"]
[Round "8.15"]
[White "Warchol, Kamil"]
[Black "Chylewski, Patryk"]
[Result "1-0"]
[WhiteTitle "CM"]
[BlackTitle "FM"]
[WhiteElo "1956"]
[BlackElo "2303"]

1. e4 c5 2. Nf3 d6 3. d4 cxd4 4. Nxd4 Nf6 5. Nc3 a6 6. f4 g6 7. e5 dxe5 8. fxe5
Nd5 9. Bc4 Nxc3 10. bxc3 Bg7 11. O-O O-O 12. Qd3 Qc7 13. Bg5 Qxe5 14. Bxf7+ Rxf7
15. Qc4 Bf5 16. Nxf5 gxf5 17. Qc8+ Rf8 18. Qxb7 Qc5+ 19. Kh1 Nc6 20. Rae1 Bxc3
21. Re3 Qc4 22. Rf4 Rad8 23. h3 Rd1+ 24. Kh2 Rd4 25. Rf2 f4 26. Bxe7 Re8 27. Bf6
Ne7 28. Rxe7 Rdd8 29. Rxe8+ 1-0

[Event "Indywidualne Mistrzostwa Polski do lat 20"]
[Site "Osrodek „SUDETY”, Pokrzywna 75"]
[Date "1899-12-30"]
[Round "8.16"]
[White "Maslanka, Wojciech"]
[Black "Leskiewicz, Ignacy"]
[Result "0-1"]
[WhiteTitle "I"]
[BlackTitle "k"]
[WhiteElo "1907"]
[BlackElo "2177"]

1. e4 d6 2. d4 Nf6 3. Nc3 g6 4. f4 Bg7 5. Bd3 O-O 6. Nf3 Nbd7 7. e5 Ne8 8. O-O
c5 9. Bc4 Nb6 10. Bxf7+ Rxf7 11. dxc5 Nc4 12. Ng5 Qc7 13. Nce4 Qc6 14. Qd4 Nxe5
15. fxe5 Rxf1+ 16. Kxf1 Bf5 17. Bf4 h6 18. Rd1 hxg5 19. Qc4+ d5 0-1

[Event "Indywidualne Mistrzostwa Polski do lat 20"]
[Site "Osrodek „SUDETY”, Pokrzywna 75"]
[Date "1899-12-30"]
[Round "8.17"]
[White "Panek, Bartosz"]
[Black "Maciejewski, Kamil"]
[Result "1-0"]
[WhiteTitle "I++"]
[BlackTitle "I++"]
[WhiteElo "2073"]
[BlackElo "1884"]

1. e4 e5 2. Nf3 Nc6 3. Bc4 Nf6 4. d3 Be7 5. O-O O-O 6. Re1 d6 7. h3 Na5 8. Bb3
a6 9. Nbd2 h6 10. Nf1 Nxb3 11. axb3 Nh7 12. d4 Bf6 13. Ng3 Re8 14. Be3 Ng5 15.
d5 Nxf3+ 16. Qxf3 Bg5 17. b4 Bd7 18. c4 Rf8 19. Nf5 Qf6 20. Ra3 Kh7 21. Bxg5 Qxg5
22. h4 Qf6 23. Qh5 Qg6 24. Qxg6+ fxg6 25. Ng3 Rf4 26. c5 Raf8 27. f3 Rxh4 28.
cxd6 cxd6 29. Rc1 Bb5 30. Rc7 Rhf4 31. Rxb7 h5 32. Rc3 h4 33. Nh1 h3 34. Nf2 hxg2
35. Kxg2 R4f7 36. Rb6 Rf6 37. Ng4 Rf4 38. Rxd6 Re8 39. Rc7 Kh8 40. Rxg6 Be2 41.
Nh2 Rg8 42. Rg5 Kh7 43. Rh5+ Kg6 44. Rxe5 Rgf8 45. Re6+ Kh7 46. Ree7 Bxf3+ 47.
Nxf3 Rxf3 48. Rxg7+ Kh6 49. Rh7+ Kg5 50. Rcg7+ Kf4 51. Rf7+ Ke3 52. Rxf3+ Rxf3
53. Rh3 1-0

[Event "Indywidualne Mistrzostwa Polski do lat 20"]
[Site "Osrodek „SUDETY”, Pokrzywna 75"]
[Date "1899-12-30"]
[Round "8.18"]
[White "Zielonka, Adam"]
[Black "Zalega, Maciej"]
[Result "1-0"]
[WhiteTitle "I"]
[BlackTitle "I"]
[WhiteElo "1862"]
[BlackElo "1985"]

1. e4 c5 2. Nf3 Nc6 3. d4 cxd4 4. Nxd4 Nf6 5. Nc3 d6 6. Bc4 e6 7. Be3 Be7 8. Qe2
a6 9. O-O-O Nxd4 10. Bxd4 b5 11. Bb3 Bb7 12. a3 O-O 13. f4 Qb8 14. Kb1 Rc8 15.
e5 Ne8 16. f5 d5 17. Qg4 Rc6 18. Rhf1 Nc7 19. f6 Bf8 20. fxg7 Bxg7 21. Rd3 b4
22. axb4 Nb5 23. Nxb5 axb5 24. Rg3 Qf8 25. Bc5 Rxc5 26. bxc5 Kh8 27. Qh5 Qxc5
28. Rxg7 1-0

[Event "Indywidualne Mistrzostwa Polski do lat 20"]
[Site "Osrodek „SUDETY”, Pokrzywna 75"]
[Date "1899-12-30"]
[Round "8.19"]
[White "Bartodziej, Bartosz"]
[Black "Sidorczuk, Pawel"]
[Result "1-0"]
[WhiteTitle "I"]
[BlackTitle "I+"]
[WhiteElo "1805"]
[BlackElo "1887"]

1. e4 c5 2. Nf3 d6 3. d4 cxd4 4. Nxd4 Nf6 5. Nc3 a6 6. Be2 e5 7. Nb3 Be7 8. Be3
Be6 9. Nd5 Bxd5 10. exd5 Nbd7 11. Qd3 Rc8 12. c4 O-O 13. O-O Ne8 14. Nd2 Bg5 15.
b4 f5 16. f3 b5 17. Rac1 Nc7 18. a4 Rb8 19. Bxg5 Qxg5 20. cxb5 Qd8 21. Qc3 Nxd5
22. Qb3 N7f6 23. Bc4 Qb6+ 24. Kh1 Kh8 25. Bxd5 Qd4 26. Bc6 Qxd2 27. Rcd1 Qf4 28.
g3 1-0

[Event "Indywidualne Mistrzostwa Polski do lat 20"]
[Site "Osrodek „SUDETY”, Pokrzywna 75"]
[Date "1899-12-30"]
[Round "8.20"]
[White "Kutowski, Marcel"]
[Black "Paprocki, Antoni"]
[Result "1-0"]
[WhiteTitle "I+"]
[BlackTitle "I++"]
[WhiteElo "1894"]
[BlackElo "1889"]

1. e4 c6 2. d4 d5 3. e5 Bf5 4. h4 h5 5. c4 e6 6. Nc3 Ne7 7. Be3 Nd7 8. Nf3 dxc4
9. Bxc4 Nb6 10. Be2 Nbd5 11. O-O Bg4 12. Bg5 Qd7 13. Ne4 Nf5 14. Qd2 Be7 15. Bxe7
Qxe7 16. g3 O-O 17. Nfg5 Qb4 18. Qxb4 Nxb4 19. f3 Nxd4 20. fxg4 Nxe2+ 21. Kf2
Nd4 22. Rad1 f6 23. exf6 gxf6 24. Rxd4 fxg5+ 25. Ke2 Rxf1 26. Kxf1 Nd5 27. Nxg5
e5 28. Re4 Re8 29. gxh5 Nf6 30. Re2 Nxh5 31. Kg2 Kg7 32. Nf3 Kf6 33. Re4 Kf5 34.
Ng5 Nf6 35. Re2 Ng4 36. Nf7 Re6 37. Rd2 e4 38. Nd6+ Ke5 39. Nc4+ Kf6 40. Re2 b5
41. Ne3 Nxe3+ 42. Rxe3 Ke5 43. Re1 Rf6 44. h5 Kd4 45. g4 e3 46. Kg3 Kd3 47. g5
Rf5 48. Kg4 Rf2 49. g6 Kd2 50. Rxe3 Kxe3 51. h6 Ke4 52. Kg3 Rf6 53. g7 Rg6+ 54.
Kf2 Rxh6 55. g8=Q Rh2+ 56. Ke1 Rxb2 57. Qg6+ Kd5 58. Qd3+ Ke6 59. Qe4+ Kf7 60.
Qf5+ Kg8 61. Qg6+ 1-0

[Event "Indywidualne Mistrzostwa Polski do lat 20"]
[Site "Osrodek „SUDETY”, Pokrzywna 75"]
[Date "1899-12-30"]
[Round "8.21"]
[White "Radzimski, Antoni"]
[Black "Bujalski, Mateusz"]
[Result "1-0"]
[WhiteTitle "I"]
[BlackTitle "I"]
[WhiteElo "1613"]
[BlackElo "1802"]

1. e4 g6 2. d4 Bg7 3. Nc3 c5 4. Nf3 Nc6 5. d5 Ne5 6. Nxe5 Bxe5 7. f4 Bg7 8. Bd3
d6 9. O-O Bd7 10. h3 Qb6 11. Kh2 O-O-O 12. a4 Nh6 13. a5 Qc7 14. Nb5 Bxb5 15.
Bxb5 e5 16. fxe5 Bxe5+ 17. Kh1 Ng8 18. a6 b6 19. c3 f6 20. Bd2 h5 21. Rc1 Qg7
22. b4 Ne7 23. bxc5 dxc5 24. Bf4 Kc7 25. Bxe5+ fxe5 26. Qb3 Kd6 27. Be2 Rdf8 28.
Rb1 Rxf1+ 29. Bxf1 Rf8 30. Be2 Qh6 31. Bf3 g5 32. Qxb6+ 1-0

[Event "Indywidualne Mistrzostwa Polski do lat 20"]
[Site "Osrodek „SUDETY”, Pokrzywna 75"]
[Date "1899-12-30"]
[Round "8.22"]
[White "Karut, Kacper"]
[Black "Lechowski, Witold"]
[Result "1-0"]
[WhiteTitle "I"]
[BlackTitle "II"]
[WhiteElo "1826"]
[BlackElo "1701"]

1. e4 e5 2. Nf3 Nc6 3. Bb5 Nf6 4. d3 Bc5 5. O-O O-O 6. Bxc6 dxc6 7. Nxe5 Re8 8.
Nf3 Ng4 9. d4 Bf8 10. e5 Re6 11. Nc3 Rg6 12. Ne2 c5 13. d5 Qe7 14. Nf4 Ra6 15.
Re1 Bd7 16. c4 Nh6 17. e6 fxe6 18. dxe6 Ba4 19. Qe2 Bc6 20. Nd5 Bxd5 21. cxd5
g6 22. Bg5 Qe8 23. e7 Bg7 24. Bxh6 Bxh6 25. Qc4 Rd6 26. Qxc5 Rd7 27. Re4 b6 28.
Qc6 Rc8 29. Qe6+ Kh8 30. Ne5 Rxe7 31. Qxe7 Qxe7 32. Nxg6+ hxg6 33. Rxe7 Bf4 34.
Rae1 Bd6 35. Re8+ Rxe8 36. Rxe8+ Kg7 37. Re6 Kf7 38. g3 Bf8 39. Rc6 Bd6 40. f4
Kf6 41. Kg2 g5 42. fxg5+ Kxg5 43. Kf3 Kf5 44. Rc1 Be5 45. b3 b5 46. h4 a5 47.
g4+ Kf6 48. Rc5 a4 49. Rxb5 axb3 50. Rxb3 c6 51. dxc6 Kg6 52. Rb7 Kh6 53. c7 Bxc7
54. Rxc7 Kg6 55. a4 1-0